| 000 | 00400nam a22001577a 4500 | ||
|---|---|---|---|
| 003 | OSt | ||
| 005 | 20231116065611.0 | ||
| 008 | 211118b xxu||||| |||| 00| 0 eng d | ||
| 020 | _a9780723425953 | ||
| 040 | _cIIMT UNIVERSITY,MEERUT | ||
| 100 | _aSMITH,MANDY & BALL, VAL | ||
| 245 | _aCARDIOVASCULARY/RESPIRATORY PHYSIOTHERAPY | ||
| 260 |
_aLONDON _bMOSBY _c1998 |
||
| 300 | _a338 | ||
| 942 |
_2ddc _c02 |
||
| 999 |
_c51034 _d51034 |
||